[Event "Moscow Open F Student 2014"]
[Site "Moscow RUS"]
[Date "2014.02.09"]
[Round "9.4"]
[White "Stukopin, Andrey"]
[Black "Dragun, Kamil"]
[Result "1-0"]
[WhiteTitle "IM"]
[BlackTitle "GM"]
[WhiteElo "2517"]
[BlackElo "2517"]
[WhiteFideId "24107131"]
[BlackFideId "1134167"]
[EventDate "2014.02.01"]

1. e4 c5 2. Nf3 e6 3. d4 cxd4 4. Nxd4 Nc6 5. Nc3 Qc7 6. Be3 a6 7. Be2 Nf6 8. O-O
d6 9. f4 Be7 10. Kh1 O-O 11. Qe1 Nxd4 12. Bxd4 b5 13. a3 Bb7 14. Qg3 Rad8 15.
Rae1 Rd7 16. Bd3 Re8 17. a4 b4 18. Nd1 g6 19. Rf3 Qd8 20. Qh3 Bf8 21. a5 Bg7 22.
Bb6 Qa8 23. Nf2 Nh5 24. g4 Nf6 25. Kg1 Rde7 26. Qh4 Nd7 27. Bc7 Ne5 28. fxe5
Rxc7 29. exd6 Rd7 30. g5 Qd8 31. Ng4 h5 32. Nf6+ Bxf6 33. gxf6 Qxa5 34. Qf4 Qc5+
35. Ree3 Qxd6 36. e5 Qf8 37. Rh3 Rxd3 38. cxd3 Rc8 39. Rxh5 gxh5 40. Rg3+ Kh8
41. Kf1 Kh7 42. Rg7+ Qxg7 43. fxg7 Kxg7 44. Qxb4 Bd5 45. Qd2 Rb8 46. b4 Rb5 47.
h4 Kf8 48. Kf2 Ke8 49. Ke3 Ke7 50. Qc3 Kd7 51. Qd4 Ke8 52. Kf4 f6 53. exf6 Kf7
54. Ke3 Bh1 55. Qf4 Rf5 56. Qh6 Rxf6 57. Qxh5+ Kg7 58. Qe5 1-0

[Event "Moscow Open F Student 2014"]
[Site "Moscow RUS"]
[Date "2014.02.09"]
[Round "9.5"]
[White "Andriasian, Zaven"]
[Black "Gordievsky, Dmitry"]
[Result "1-0"]
[WhiteTitle "GM"]
[BlackTitle "FM"]
[WhiteElo "2611"]
[BlackElo "2444"]
[WhiteFideId "13302000"]
[BlackFideId "24112798"]
[EventDate "2014.02.01"]

1. e4 c5 2. Nf3 d6 3. d4 cxd4 4. Nxd4 Nf6 5. Nc3 a6 6. Be3 e5 7. Nf3 Qc7 8. a4
Be7 9. a5 O-O 10. Be2 Nbd7 11. O-O b5 12. axb6 Nxb6 13. Nd2 Rd8 14. Bxb6 Qxb6
15. Nc4 Qc7 16. Ne3 Be6 17. Bxa6 Qb6 18. Qd3 Ra7 19. Bb5 Rda8 20. Rxa7 Rxa7 21.
b3 Qd4 22. Rd1 Rc7 23. Bc4 Qb6 24. Ncd5 Bxd5 25. Nxd5 Nxd5 26. Qxd5 Bf8 27. Ra1
g6 28. g3 Kg7 29. Ra5 h5 30. h4 Qb8 31. Ra8 Qb4 32. Kg2 Qb6 33. c3 Qc5 34. Ra5
Qxd5 35. Bxd5 f5 36. c4 Be7 1-0